Statistiques concernant Cliquez sur la première lettre du Pays

Cliquez ici pour prendre le quiz!

Statistiques générales

  • Ce quiz a été pris 371 fois
  • Le résultat moyen est 17 sur 24

Statistiques - réponses

HintRéponse% Correct
MoscouR
93%
PékinC
92%
Le CaireE
92%
AthènesG
92%
CopenhagueD
89%
ReykjavikI
87%
VarsovieP
87%
HelsinkiF
82%
BudapestH
81%
BeyrouthL
79%
MontevideoU
76%
DohaQ
75%
TiranaA
74%
NairobiK
73%
TaipeiT
73%
KingstonJ
69%
KatmandouN
65%
CaracasV
65%
AntananarivoM
64%
SanaaY
52%
DaccaB
51%
HarareZ
45%
MascateO
43%
ApiaS
37%

Distribution des résultats

Percentile par nombre de réponses

% des personnes avec chaque résultat

Votre développement - résultats

Vous n’avez pas pris ce quiz